| 000 | 00519nam a22001577a 4500 | ||
|---|---|---|---|
| 003 | OSt | ||
| 005 | 20150910143842.0 | ||
| 008 | 150910b xxu||||| |||| 00| 0 eng d | ||
| 040 | _cRUA | ||
| 082 | _aAGR សៅ 1994 B010 Or.1 | ||
| 100 |
_9245 _aសៅ រ៉ា |
||
| 245 | _aសិក្សាការគ្រប់គ្រងប្រព័ន្ធស្រោចស្រពនៅមណ្ឌលស្រែអំបិល | ||
| 260 |
_aPhnom Penh _bRUA _c1994 |
||
| 300 |
_a86p. _bill. _c29cm. |
||
| 942 |
_2ddc _cAGR |
||
| 999 |
_c229 _d229 |
||